มุมมองปกติ
มุมมองแบบ MARC
- เงาะ (กลุ่มชาติพันธุ์)
รายการ Topical Term
001 - CONTROL NUMBER
- control field: 65289
003 - CONTROL NUMBER IDENTIFIER
- control field: NALT
005 - DATE AND TIME OF LATEST TRANSACTION
- control field: 20241218172606.0
008 - FIXED-LENGTH DATA ELEMENTS
- fixed length control field: 241218|| aca||babn | a|a d
040 ## - CATALOGING SOURCE
- Original cataloging agency: NALT
150 #4 - HEADING--TOPICAL TERM
- Topical term or geographic name entry element: เงาะ (กลุ่มชาติพันธุ์)
